<?xml version="1.0" encoding="UTF-8"?>
<record
    xmlns:xsi="http://www.w3.org/2001/XMLSchema-instance"
    xsi:schemaLocation="http://www.loc.gov/MARC21/slim http://www.loc.gov/standards/marcxml/schema/MARC21slim.xsd"
    xmlns="http://www.loc.gov/MARC21/slim">

  <leader>01354nam a22002417a 4500</leader>
  <controlfield tag="001">3602</controlfield>
  <controlfield tag="003">FISKH</controlfield>
  <controlfield tag="005">20241021084209.0</controlfield>
  <controlfield tag="008">240325b        cb ||||| |||| 00| 0 eng d</controlfield>
  <datafield tag="040" ind1=" " ind2=" ">
    <subfield code="a">FISK</subfield>
    <subfield code="b">eng </subfield>
    <subfield code="c">FISK</subfield>
    <subfield code="d">FISK</subfield>
  </datafield>
  <datafield tag="050" ind1=" " ind2=" ">
    <subfield code="a">PZ7.W539 </subfield>
  </datafield>
  <datafield tag="082" ind1=" " ind2=" ">
    <subfield code="a">813.54</subfield>
  </datafield>
  <datafield tag="100" ind1=" " ind2=" ">
    <subfield code="a">Weyn Suzanne </subfield>
    <subfield code="d">1955-</subfield>
  </datafield>
  <datafield tag="245" ind1=" " ind2=" ">
    <subfield code="a">The Bar code rebellion / </subfield>
    <subfield code="c">Suzanne Weyn </subfield>
  </datafield>
  <datafield tag="260" ind1=" " ind2=" ">
    <subfield code="a">New York : </subfield>
    <subfield code="b">Scholastic, </subfield>
    <subfield code="c">2006 </subfield>
  </datafield>
  <datafield tag="300" ind1=" " ind2=" ">
    <subfield code="a">265 pages : </subfield>
    <subfield code="c">18 cm </subfield>
  </datafield>
  <datafield tag="505" ind1=" " ind2=" ">
    <subfield code="a">Q</subfield>
  </datafield>
  <datafield tag="520" ind1=" " ind2=" ">
    <subfield code="a">Juvenile Fiction. Juvenile Literature. HTML:

The second book in the action-packed Bar Code series.They want your identity. They want your freedom. They can't have them. The bar code rebellion.Kayla has resisted getting the bar code tattoo, even though it's mean forfeiting a "normal" life. Without the tattoo, she's an exile. But she can't stay an exile for long. . . .For reasons she doesn't completely understand&#xFFFD;??but will soon discover&#xFFFD;??Kayla is at the center of a lethal conspiracy that will soon threaten the very notion of freedom. Kayla can either give in to the bar code, or she can join the resistance and fight it. The choice, for her, is clear: It's time to fight.They want your identity.They want your freedom.They can't have them.The bar code rebellion</subfield>
  </datafield>
  <datafield tag="521" ind1="8" ind2=" ">
    <subfield code="a">880 </subfield>
    <subfield code="b">Lexile </subfield>
  </datafield>
  <datafield tag="700" ind1=" " ind2=" ">
    <subfield code="a">Suzanne Weyn </subfield>
  </datafield>
  <datafield tag="942" ind1=" " ind2=" ">
    <subfield code="2">ddc</subfield>
    <subfield code="c">BK</subfield>
    <subfield code="n">0</subfield>
  </datafield>
  <datafield tag="999" ind1=" " ind2=" ">
    <subfield code="c">3602</subfield>
    <subfield code="d">3602</subfield>
  </datafield>
  <datafield tag="952" ind1=" " ind2=" ">
    <subfield code="0">0</subfield>
    <subfield code="1">0</subfield>
    <subfield code="2">ddc</subfield>
    <subfield code="4">0</subfield>
    <subfield code="7">0</subfield>
    <subfield code="8">FIC</subfield>
    <subfield code="a">001</subfield>
    <subfield code="b">001</subfield>
    <subfield code="c">SBS</subfield>
    <subfield code="d">2024-03-25</subfield>
    <subfield code="l">1</subfield>
    <subfield code="o">WEY PZ7.W539 813.54</subfield>
    <subfield code="p">2024-0391</subfield>
    <subfield code="r">2025-05-20 16:08:12</subfield>
    <subfield code="s">2025-03-21</subfield>
    <subfield code="t">1</subfield>
    <subfield code="w">2024-03-25</subfield>
    <subfield code="y">BK</subfield>
  </datafield>
  <datafield tag="952" ind1=" " ind2=" ">
    <subfield code="0">0</subfield>
    <subfield code="1">0</subfield>
    <subfield code="2">ddc</subfield>
    <subfield code="4">0</subfield>
    <subfield code="7">0</subfield>
    <subfield code="8">FIC</subfield>
    <subfield code="a">001</subfield>
    <subfield code="b">001</subfield>
    <subfield code="c">SBS</subfield>
    <subfield code="d">2024-03-25</subfield>
    <subfield code="l">0</subfield>
    <subfield code="o">WEY PZ7.W539 813.54</subfield>
    <subfield code="p">2024-0392</subfield>
    <subfield code="r">2024-03-25 11:05:06</subfield>
    <subfield code="t">2</subfield>
    <subfield code="w">2024-03-25</subfield>
    <subfield code="y">BK</subfield>
  </datafield>
</record>
